000 00584nam a2200181 i 4500
001 83466
003 ES-MaACL
005 20250505180700.0
007 t|
008 041117s1964 sp ||||1| spa d
100 1 _aIrureta Beitia, Antonio.
_965494
245 1 0 _aGuía turística de España /
_cpor Antonio Irureta ; prólogo de Manuel Fraga Iribarne.
260 _aMadrid :
_bIberoamericanas,
_c[1964]
300 _a552 p., 14 lám. :
_bil. ;
_c27 cm.
700 1 _aFraga Iribarne, Manuel,
_d1922-2012
_9193721
852 _aES-MaACL
_jC-25844
_bR.54555
999 _c83466
_d83466